KARSHAKAN (Record no. 18482)

MARC details
000 -LEADER
fixed length control field 00313nam a2200133Ia 4500
041 ## - LANGUAGE CODE
Language code of text/sound track or separate title Mal
245 #0 - TITLE STATEMENT
Title KARSHAKAN
260 ## - PUBLICATION, DISTRIBUTION, ETC. (IMPRINT)
Place of publication Kottayam
310 ## - CURRENT PUBLICATION FREQUENCY
Current publication frequency M
500 ## - GENERAL NOTE
General note Missing Volume: 1996(Jan-Aug)
500 ## - GENERAL NOTE
General note Starting Volume & Year: 1996, 2000
942 ## - ADDED ENTRY ELEMENTS (KOHA)
Koha item type Bound Journal
Holdings
Withdrawn status Lost status Damaged status Not for loan Home library Current library Date acquired Accession Number Koha item type
      Bound journals RRII Library RRII Library 31/12/2021 20442J Bound Journal